| 000 | 00501nam a2200145 a 4500 | ||
|---|---|---|---|
| 008 | 120416s1995 ||||||||||||||||| || u | ||
| 020 | _a0521432243 | ||
| 050 | _aQC 173.454 Cha | ||
| 100 | _aChaikin, P. M | ||
| 245 | 1 | 0 | _aPrinciples of condensed matter physics |
| 260 |
_aCambridge: _c1995 |
||
| 350 | _a0.00 | ||
| 650 | _aCONDENSED MATTER | ||
| 995 |
_D0.00 _FCBU-MAIN LIBRARY (Kitwe) _H1 _I50.00 _UAVAILABLE _ZMain Library Open Access Collection |
||
| 999 |
_c54532 _d54532 |
||